[Event "Hull CC ch C"]
[Site "Gatineau CAN"]
[Date "2006.02.28"]
[Round "2"]
[White "Kennedy, Phillip"]
[Black "Lamothe, Luc"]
[Result "0-1"]
[WhiteElo "1382"]
[BlackElo "1210"]
[PlyCount "102"]
[EventDate "2006.02.08"]
[EventType "swiss"]
[EventRounds "5"]
[EventCountry "CAN"]

1. Nf3 Nc6 2. g3 Nf6 3. Bg2 e6 4. d4 d5 5. O-O g6 6. Bf4 Bg7 7. c3 O-O 8. Nbd2
Re8 9. Re1 Nh5 10. Ne5 Nxf4 11. Nxc6 bxc6 12. gxf4 Qd6 13. e3 c5 14. dxc5 Qxc5
15. Nb3 Qe7 16. Qf3 a5 17. a4 c5 18. Bf1 f5 19. Bb5 Rd8 20. Rad1 Bd7 21. Bxd7
Rxd7 22. Rd2 Rb7 23. Nc1 c4 24. Ne2 Kh8 25. Kh1 Rb3 26. Nd4 Bxd4 27. exd4 Qd7
28. Rde2 Re8 29. Re5 Rb6 30. Qe2 Kg7 31. Qc2 Rb3 32. f3 Qxa4 33. Rxe6 Rxe6 34.
Rxe6 Qa1+ 35. Kg2 Rxb2 36. Re2 Rxc2 37. Rxc2 Qb1 38. Re2 Kf7 39. Re5 Qb5 40. h4
h5 41. Kf2 a4 42. Re2 a3 43. Ke3 Qb3 44. Kf2 a2 45. Rxa2 Qxa2+ 46. Ke3 Qb1 47.
Kd2 Qd3+ 48. Ke1 Qxc3+ 49. Kf1 Qxd4 50. Ke1 c3 51. Kf1 Qd2 0-1

[Event "Hull CC ch C"]
[Site "Gatineau CAN"]
[Date "2006.02.28"]
[Round "2"]
[White "Levesque, Andre"]
[Black "Berthiaume, Patrick"]
[Result "1-0"]
[WhiteElo "1362"]
[BlackElo "903"]
[PlyCount "101"]
[EventDate "2006.02.08"]
[EventType "swiss"]
[EventRounds "5"]
[EventCountry "CAN"]

1. e4 e5 2. Nf3 Nc6 3. Bb5 d6 4. c3 Bd7 5. O-O Nf6 6. Re1 Be7 7. d4 d5 8. exd5
Nxd5 9. Bxc6 Bxc6 10. Nxe5 O-O 11. Nd2 Bd6 12. Ndf3 Re8 13. c4 Bxe5 14. Nxe5
Nb4 15. a3 Na6 16. b4 Nb8 17. d5 Nd7 18. Nxc6 bxc6 19. dxc6 Rxe1+ 20. Qxe1 Nb6
21. Qf1 a6 22. a4 Qf8 23. Ra2 Re8 24. Re2 Rxe2 25. Qxe2 Qd8 26. a5 Na8 27. g3
Qd6 28. b5 axb5 29. cxb5 Qc5 30. Bb2 g6 31. Qe8+ Qf8 32. Qe5 f6 33. Qxf6 Qxf6
34. Bxf6 Kf7 35. Bd4 Ke6 36. b6 cxb6 37. axb6 Kd6 38. b7 Nc7 39. b8=Q Kxc6 40.
Qb6+ Kd7 41. Qa7 Kd6 42. Bc5+ Kd7 43. Bb6 Kc6 44. Qxc7+ Kb5 45. Kf1 h5 46. Ke2
Ka6 47. Ba5 Kb5 48. Kd3 Ka4 49. Kc3 Ka3 50. Qb6 Ka2 51. Qb2# 1-0

[Event "Hull CC ch C"]
[Site "Gatineau CAN"]
[Date "2006.02.28"]
[Round "2"]
[White "Parent, Patrick"]
[Black "Szalay, Karoly"]
[Result "1/2-1/2"]
[WhiteElo "1647"]
[BlackElo "1758"]
[PlyCount "89"]
[EventDate "2006.02.08"]
[EventType "swiss"]
[EventRounds "5"]
[EventCountry "CAN"]

1. d4 d5 2. c4 e6 3. Nc3 c6 4. Nf3 Nf6 5. c5 Be7 6. g3 b6 7. b4 a5 8. bxa5 bxc5
9. Bg2 cxd4 10. Nxd4 c5 11. Ndb5 O-O 12. O-O Bd7 13. Bf4 Bxb5 14. Nxb5 Qxa5 15.
a4 Nc6 16. e4 dxe4 17. Qe2 Nb4 18. Nd6 Nbd5 19. Bd2 Qa6 20. Qxa6 Rxa6 21. Nxe4
Nxe4 22. Bxe4 Bf6 23. Bd3 Rd6 24. Ra2 Nb4 25. Bxb4 cxb4 26. Bb5 b3 27. Ra3 b2
28. Rd3 Rb6 29. Rdd1 Rc8 30. Kg2 Rb7 31. Ba6 Rcc7 32. Bxb7 Rxb7 33. f4 Kf8 34.
Kf3 Ke7 35. Ke3 g5 36. Kd3 gxf4 37. gxf4 Rb4 38. a5 Ra4 39. f5 Bg5 40. fxe6
fxe6 41. Rb1 Bc1 42. Rbxc1 bxc1=Q 43. Rxc1 Rxa5 44. Rc7+ Kf6 45. Rxh7 1/2-1/2

[Event "Hull CC ch C"]
[Site "Gatineau CAN"]
[Date "2006.03.07"]
[Round "3"]
[White "Blouin, Francois"]
[Black "Coulombe, Simon"]
[Result "1-0"]
[WhiteElo "1542"]
[BlackElo "1258"]
[PlyCount "44"]
[EventDate "2006.02.08"]
[EventType "swiss"]
[EventRounds "5"]
[EventCountry "CAN"]

1. e4 e6 2. d4 d5 3. e5 c5 4. c3 Nc6 5. Nf3 Qb6 6. a3 Nge7 7. b4 cxd4 8. cxd4
Nf5 9. Bb2 Be7 10. Bd3 Ncxd4 11. Nxd4 Nxd4 12. Bxd4 Qxd4 13. Bb5+ Bd7 14. Bxd7+
Kxd7 15. Qxd4 Rac8 16. O-O a6 17. Nc3 Bg5 18. f4 Bh6 19. Rac1 g5 20. Nxd5 exd5
21. Qxd5+ Ke7 22. Qd6+ Ke8 1-0

[Event "Hull CC ch C"]
[Site "Gatineau CAN"]
[Date "2006.03.07"]
[Round "3"]
[White "Lamothe, Luc"]
[Black "Dupont, Claude"]
[Result "0-1"]
[WhiteElo "1210"]
[BlackElo "1445"]
[PlyCount "80"]
[EventDate "2006.02.08"]
[EventType "swiss"]
[EventRounds "5"]
[EventCountry "CAN"]

1. d4 d5 2. c4 e6 3. Nc3 Nf6 4. Nf3 Be7 5. Bg5 Nbd7 6. e3 c6 7. a4 a5 8. Bd3 b6
9. O-O Ba6 10. cxd5 cxd5 11. Qb1 Bxd3 12. Qxd3 O-O 13. Rab1 Ne8 14. e4 Bxg5 15.
exd5 exd5 16. Qf5 Be7 17. Nxd5 Ndf6 18. Nxe7+ Qxe7 19. Rfe1 Qd7 20. Qxd7 Nxd7
21. d5 Nef6 22. Re7 Rac8 23. g4 h6 24. Ne5 Nxe5 25. Rxe5 Nxg4 26. Re7 Rfd8 27.
Rd1 Rd6 28. Re4 Nf6 29. Red4 Rc5 30. b4 Rcxd5 31. Rxd5 Rxd5 32. Rxd5 Nxd5 33.
bxa5 bxa5 34. Kf1 Nc3 35. Ke1 Nxa4 36. Kd2 Nc5 37. Kc2 a4 38. Kb2 f5 39. Ka3
Kf7 40. f3 Ke6 0-1

[Event "Hull CC ch C"]
[Site "Gatineau CAN"]
[Date "2006.03.07"]
[Round "3"]
[White "Laurin, Marcel"]
[Black "Maisonneuve, Paul"]
[Result "1-0"]
[WhiteElo "1725"]
[BlackElo "1591"]
[PlyCount "56"]
[EventDate "2006.02.08"]
[EventType "swiss"]
[EventRounds "5"]
[EventCountry "CAN"]

1. d4 Nf6 2. c4 g6 3. Nc3 Bg7 4. e4 d6 5. Be2 O-O 6. Be3 Nbd7 7. Qd2 c5 8. d5
Ne5 9. h3 Ne8 10. f4 Nd7 11. Nf3 f5 12. g4 fxe4 13. Nxe4 Ndf6 14. Bd3 b6 15.
Ng3 e6 16. g5 Nxd5 17. cxd5 exd5 18. Bxg6 hxg6 19. Qxd5+ Kh7 20. Qxa8 Qc7 21.
Qd5 Bb7 22. Qd1 Qc6 23. O-O Bxb2 24. Rb1 Bg7 25. Qe2 d5 26. f5 gxf5 27. Nxf5
Qg6 28. N3h4 Qh5 1-0

[Event "Hull CC ch C"]
[Site "Gatineau CAN"]
[Date "2006.03.07"]
[Round "3"]
[White "Levesque, Andre"]
[Black "Beland, Guy"]
[Result "1-0"]
[WhiteElo "1362"]
[BlackElo "1503"]
[PlyCount "71"]
[EventDate "2006.02.08"]
[EventType "swiss"]
[EventRounds "5"]
[EventCountry "CAN"]

1. e4 e5 2. Nf3 Nc6 3. Bb5 a6 4. Ba4 Nf6 5. O-O b5 6. Bb3 Bc5 7. c3 O-O 8. d4
exd4 9. cxd4 Bb6 10. Re1 d6 11. h3 Bb7 12. a3 Na5 13. Bc2 d5 14. e5 Ne4 15.
Nbd2 c5 16. Nxe4 dxe4 17. Bxe4 Bxe4 18. Rxe4 Qd5 19. Qd3 c4 20. Qe3 Nb3 21. Rb1
Rae8 22. Rh4 Re6 23. Bd2 Rfe8 24. Bc3 f6 25. Qe4 Qxe4 26. Rxe4 fxe5 27. Rxe5
Rxe5 28. dxe5 a5 29. Re1 a4 30. g4 Ba5 31. Bxa5 Nxa5 32. Nd4 Nb3 33. Nxb5 Nd2
34. Kg2 Rb8 35. e6 Kf8 36. e7+ 1-0

[Event "Hull CC ch C"]
[Site "Gatineau CAN"]
[Date "2006.03.07"]
[Round "3"]
[White "Thompson, Dan"]
[Black "Arsenault, Yves"]
[Result "1-0"]
[WhiteElo "1477"]
[BlackElo "1523"]
[PlyCount "65"]
[EventDate "2006.02.08"]
[EventType "swiss"]
[EventRounds "5"]
[EventCountry "CAN"]

1. d4 Nf6 2. c4 e6 3. Nc3 c6 4. e4 Bb4 5. Bd3 d5 6. cxd5 cxd5 7. e5 Nfd7 8. Qg4
g6 9. Bh6 Nc6 10. Nge2 f5 11. Qh3 Qb6 12. Bg7 Rg8 13. Qxh7 Rxg7 14. Qxg7 Bxc3+
15. bxc3 Nf8 16. O-O Bd7 17. Rab1 Qc7 18. Rb2 O-O-O 19. Rfb1 b6 20. c4 dxc4 21.
Bxc4 Nxd4 22. Ba6+ Kb8 23. Nxd4 Qc5 24. Nc2 Qd5 25. Nb4 Qd4 26. Qe7 Re8 27.
Qd6+ Qxd6 28. exd6 Ba4 29. Rc1 Nd7 30. Nc6+ Ka8 31. Ne7 Nc5 32. Rxc5 bxc5 33.
Bb7+ 1-0

[Event "Hull CC ch C"]
[Site "Gatineau CAN"]
[Date "2006.03.14"]
[Round "4"]
[White "Blouin, Francois"]
[Black "Laurin, Marcel"]
[Result "1-0"]
[WhiteElo "1542"]
[BlackElo "1725"]
[PlyCount "93"]
[EventDate "2006.02.08"]
[EventType "swiss"]
[EventRounds "5"]
[EventCountry "CAN"]

1. e4 c5 2. Nc3 Nc6 3. d3 g6 4. Be3 b6 5. g3 Bg7 6. Bg2 Bb7 7. Qd2 Nd4 8. Rb1
Bc6 9. Nce2 e5 10. c3 Nf5 11. Nf3 Nxe3 12. fxe3 Ne7 13. O-O f5 14. Ne1 O-O 15.
c4 Rf6 16. Nc3 Qf8 17. Nd5 Bxd5 18. cxd5 d6 19. Nf3 f4 20. exf4 exf4 21. Ng5
Bh6 22. gxf4 Bxg5 23. fxg5 Rxf1+ 24. Rxf1 Qg7 25. Qc3 Qxc3 26. bxc3 Rf8 27. Rf6
Rxf6 28. gxf6 Nxd5 29. exd5 Kf7 30. Kf2 Kxf6 31. Ke3 g5 32. a4 h5 33. d4 Kf5
34. dxc5 bxc5 35. a5 g4 36. Be4+ Kg5 37. Kf2 h4 38. Bg2 Kf4 39. Bh1 g3+ 40.
hxg3+ hxg3+ 41. Ke2 a6 42. Kd3 Kf5 43. Ke3 Kg4 44. Ke4 Kg5 45. Kf3 Kh4 46. Bg2
c4 47. Bf1 1-0

[Event "Hull CC ch C"]
[Site "Gatineau CAN"]
[Date "2006.03.14"]
[Round "4"]
[White "Coulombe, Simon"]
[Black "Beland, Guy"]
[Result "0-1"]
[WhiteElo "1258"]
[BlackElo "1503"]
[PlyCount "54"]
[EventDate "2006.02.08"]
[EventType "swiss"]
[EventRounds "5"]
[EventCountry "CAN"]

1. e4 e5 2. Nf3 Nc6 3. Bb5 a6 4. Ba4 Nf6 5. Nc3 b5 6. Bb3 Na5 7. Nxe5 Nxb3 8.
axb3 Bb7 9. Qe2 b4 10. Nd5 Be7 11. Nxf6+ Bxf6 12. Nf3 O-O 13. e5 Re8 14. d4
Bxf3 15. gxf3 d6 16. f4 dxe5 17. dxe5 Qd5 18. Qf1 Rad8 19. Be3 Bxe5 20. Ke2
Bxf4 21. Rd1 Qh5+ 22. f3 Rxe3+ 23. Kf2 Rxf3+ 24. Ke1 Rxf1+ 25. Rxf1 Qxd1+ 26.
Kf2 Rd2+ 27. Kg1 Be3+ 0-1

[Event "Hull CC ch C"]
[Site "Gatineau CAN"]
[Date "2006.03.14"]
[Round "4"]
[White "Pilon, Robert"]
[Black "Levesque, Andre"]
[Result "1-0"]
[WhiteElo "1578"]
[BlackElo "1362"]
[PlyCount "95"]
[EventDate "2006.02.08"]
[EventType "swiss"]
[EventRounds "5"]
[EventCountry "CAN"]

1. e4 c5 2. c3 Nc6 3. d4 cxd4 4. cxd4 d6 5. Nf3 g6 6. Bd2 Bg7 7. Bc3 Qc7 8. Na3
a6 9. Nc2 Bd7 10. Bd3 Nf6 11. O-O O-O 12. h3 Rac8 13. Qd2 e6 14. Rfe1 Rfe8 15.
Rac1 Qb8 16. Nb4 Nxb4 17. Bxb4 Bc6 18. Qf4 e5 19. dxe5 dxe5 20. Qe3 b6 21. Re2
Bb5 22. Bxb5 axb5 23. Rec2 Qb7 24. Rxc8 Rxc8 25. Rxc8+ Qxc8 26. Qxb6 Nxe4 27.
Qe3 Qc6 28. a3 f5 29. Ng5 f4 30. Qb3+ Qc4 31. Qxc4+ bxc4 32. Nxe4 Kf7 33. Nd6+
Ke6 34. Nxc4 e4 35. Bc3 Bxc3 36. bxc3 Kd5 37. Nd2 e3 38. fxe3 fxe3 39. Nf3 h5
40. Kf1 Kc4 41. a4 Kc5 42. Ke2 Kb6 43. Kxe3 Ka5 44. c4 Kxa4 45. Kd4 Ka5 46. c5
Ka6 47. h4 Kb7 48. Ne5 1-0

[Event "Hull CC ch C"]
[Site "Gatineau CAN"]
[Date "2006.03.21"]
[Round "5"]
[White "Berthiaume, Serge"]
[Black "Berthiaume, Patrick"]
[Result "1-0"]
[WhiteElo "1166"]
[BlackElo "903"]
[PlyCount "113"]
[EventDate "2006.02.08"]
[EventType "swiss"]
[EventRounds "5"]
[EventCountry "CAN"]

1. d4 d5 2. c4 Nf6 3. Nc3 e6 4. a3 Nc6 5. e3 Bd7 6. Nf3 Be7 7. Bd3 O-O 8. Ng5
h6 9. Nf3 dxc4 10. Bxc4 g6 11. e4 a6 12. Bxh6 Re8 13. e5 Nh5 14. Ne4 Bf8 15.
Qd2 Bxh6 16. Qxh6 Ng7 17. Nfg5 Kf8 18. Nh7+ Ke7 19. Qxg7 Rg8 20. Qf6+ Ke8 21.
Qxd8+ Rxd8 22. Nhf6+ Kf8 23. Nxg8 Kxg8 24. Nf6+ Kf8 25. O-O Nxd4 26. Rad1 c5
27. b4 b6 28. Bxa6 Ra8 29. Nxd7+ Ke8 30. Nf6+ Ke7 31. Bb5 Nxb5 32. Rd7+ Kf8 33.
Rfd1 Rxa3 34. h3 Ra8 35. bxc5 bxc5 36. Rd8+ Rxd8 37. Rxd8+ Ke7 38. Rd7+ Kf8 39.
Rb7 Nd4 40. Nd7+ Ke7 41. Nxc5+ Kd8 42. Rxf7 Nc6 43. Nxe6+ Kc8 44. Rc7+ Kb8 45.
Rxc6 Kb7 46. Nd4 Ka7 47. Rxg6 Kb7 48. e6 Kc7 49. e7 Kd7 50. Nf5 Ke8 51. Rg8+
Kf7 52. e8=Q+ Kf6 53. Rf8+ Kg5 54. Nd4 Kh4 55. Qe4+ Kh5 56. Qg4+ Kh6 57. Rh8#
1-0

[Event "Hull CC ch C"]
[Site "Gatineau CAN"]
[Date "2006.03.21"]
[Round "5"]
[White "Dupont, Claude"]
[Black "Pilon, Robert"]
[Result "1/2-1/2"]
[WhiteElo "1445"]
[BlackElo "1578"]
[PlyCount "121"]
[EventDate "2006.02.08"]
[EventType "swiss"]
[EventRounds "5"]
[EventCountry "CAN"]

1. e4 e6 2. Nf3 d5 3. exd5 exd5 4. d4 Bg4 5. Be2 Bd6 6. Nc3 c6 7. a3 Nd7 8. Be3
Ngf6 9. h3 Bh5 10. g4 Bg6 11. Nh4 Be4 12. Nxe4 Nxe4 13. Nf5 Qf6 14. f3 Bg3+ 15.
Nxg3 Nxg3 16. Rh2 Nxe2 17. Qxe2 O-O-O 18. O-O-O Rhe8 19. Qf2 Qd6 20. Rd3 Nb6
21. Bd2 Rd7 22. Bb4 Qf4+ 23. Bd2 Qc7 24. Ba5 Rde7 25. Rg2 Qf4+ 26. Kb1 Nc4 27.
Bd2 Qc7 28. Ka2 Qb6 29. Rb3 Qc7 30. Rd3 Re6 31. b3 Nxd2 32. Qxd2 Qe7 33. f4 Re1
34. f5 Rh1 35. Rgg3 Qd6 36. Rde3 Rxe3 37. Rxe3 Rh2 38. Qd3 Kd7 39. b4 Qf4 40.
Kb2 Rf2 41. Kb3 a6 42. a4 b5 43. axb5 axb5 44. Kb2 Qb8 45. Re5 Qd6 46. Kb3 g6
47. Qe3 Rf1 48. c3 Rb1+ 49. Kc2 Ra1 50. Kb2 Ra8 51. fxg6 hxg6 52. g5 Rh8 53.
Qg3 Re8 54. Qg4+ Kd8 55. Rxe8+ Kxe8 56. h4 Kf8 57. Kb3 Kg7 58. h5 gxh5 59. Qxh5
Qg6 60. Qg4 Qb1+ 61. Ka3 1/2-1/2

[Event "Hull CC ch C"]
[Site "Gatineau CAN"]
[Date "2006.03.21"]
[Round "5"]
[White "Levesque, Andre"]
[Black "Kennedy, Phillip"]
[Result "1-0"]
[WhiteElo "1345"]
[BlackElo "1382"]
[PlyCount "65"]
[EventDate "2006.02.08"]
[EventType "swiss"]
[EventRounds "5"]
[EventCountry "CAN"]

1. e4 c5 2. Nc3 e6 3. g3 g6 4. Bg2 Bg7 5. Nge2 Nc6 6. O-O Nf6 7. d3 O-O 8. Bg5
b6 9. e5 h6 10. exf6 hxg5 11. fxg7 Kxg7 12. d4 d5 13. Qd2 c4 14. Rad1 Rh8 15.
f4 g4 16. a3 f5 17. Kf2 a6 18. Rh1 Bd7 19. Ng1 Qe7 20. h3 Rh6 21. Re1 Qf7 22.
Nge2 Rah8 23. hxg4 fxg4 24. Rxh6 Rxh6 25. Rh1 Rh5 26. Nd1 e5 27. Rxh5 gxh5 28.
dxe5 Nxe5 29. Qxd5 Be6 30. Qxe5+ Kf8 31. Nd4 Bd7 32. Bd5 Qe7 33. Qh8# 1-0

[Event "Hull CC ch C"]
[Site "Gatineau CAN"]
[Date "2006.03.21"]
[Round "5"]
[White "Runge, Evan"]
[Black "Lacourse, Guy"]
[Result "1-0"]
[WhiteElo "1288"]
[BlackElo "1713"]
[PlyCount "85"]
[EventDate "2006.02.08"]
[EventType "swiss"]
[EventRounds "5"]
[EventCountry "CAN"]

1. d4 Nf6 2. c4 e6 3. Nc3 Bb4 4. Nf3 d5 5. Bg5 Nbd7 6. e3 h6 7. Bh4 g5 8. Bg3
Ne4 9. Qc2 b6 10. cxd5 Bxc3+ 11. bxc3 Nxg3 12. hxg3 exd5 13. Bb5 Qf6 14. Qa4
Qd6 15. Ne5 f6 16. Ng6 Rh7 17. Bd3 Rg7 18. Rxh6 Kf7 19. Qd1 Bb7 20. Qh5 Rag8
21. Ne5+ Ke7 22. Nxd7 Qxd7 23. Kd2 Qe8 24. Qf3 Qf7 25. Rah1 c6 26. Bh7 Rf8 27.
Qf5 Bc8 28. Qd3 Kd8 29. Bg6 Qe7 30. Rh7 Rfg8 31. Rh8 Qf8 32. Rxg8 Rxg8 33. Rh7
Qa3 34. Qc2 Rxg6 35. Rh8+ Kc7 36. Qxg6 Qxa2+ 37. Qc2 Qa3 38. Qh7+ Bd7 39. Qc2
b5 40. f4 Qd6 41. Qa2 Kb7 42. Qa5 Bc8 43. Rh7+ 1-0

[Event "Inter-clubs"]
[Site "Quebec CAN"]
[Date "2006.10.21"]
[Round "1"]
[White "Fareh, Youness"]
[Black "Lapierre, Gaetan"]
[Result "1-0"]
[WhiteElo "2167"]
[BlackElo "1600"]
[PlyCount "61"]
[EventDate "2006.10.21"]
[EventType "team"]
[EventRounds "3"]
[EventCountry "CAN"]

1. Nf3 Nf6 2. g3 b6 3. c4 c5 4. Bg2 Bb7 5. Nc3 d6 6. O-O g6 7. b3 Bg7 8. Bb2
O-O 9. Qc2 e5 10. d3 Nc6 11. Rad1 Nh5 12. Nd5 f5 13. e3 Ne7 14. Nxe7+ Qxe7 15.
d4 e4 16. Ne1 g5 17. dxc5 dxc5 18. Bxg7 Nxg7 19. Qc3 g4 20. Nc2 Rfd8 21. h4 h5
22. a3 Kf7 23. b4 Qf6 24. Qb3 Rxd1 25. Rxd1 Rd8 26. Rxd8 Qxd8 27. bxc5 Qd3 28.
Nd4 Ne6 29. Qb5 Nxc5 30. Nxf5 Ba6 31. Qc6 1-0

[Event "Inter-clubs"]
[Site "Quebec CAN"]
[Date "2006.10.21"]
[Round "1"]
[White "Guy, Philippe"]
[Black "Tremblay, Alain"]
[Result "0-1"]
[WhiteElo "1536"]
[BlackElo "2000"]
[PlyCount "72"]
[EventDate "2006.10.21"]
[EventType "team"]
[EventRounds "3"]
[EventCountry "CAN"]

1. e4 d6 2. d4 g6 3. Nf3 Bg7 4. c3 Nd7 5. Bc4 e5 6. O-O Ngf6 7. dxe5 dxe5 8.
Qe2 c6 9. Bg5 O-O 10. Nbd2 Qc7 11. a4 Nc5 12. Rfd1 Ne6 13. Be3 b6 14. b4 Re8
15. h3 h6 16. Ba2 Nf4 17. Qf1 g5 18. Nh2 a5 19. bxa5 Rxa5 20. Bc4 Ne6 21. Rab1
Rxa4 22. Bxb6 Qe7 23. Ra1 Ra3 24. Nhf3 Nd7 25. Be3 Rxc3 26. Rdb1 Nd4 27. Qd1
Nxf3+ 28. Qxf3 Qf6 29. Qd1 Nf8 30. Ra7 Be6 31. Bxe6 Nxe6 32. Rbb7 Rf8 33. Qe1
Nd4 34. Kh2 g4 35. Qb1 g3+ 36. Kxg3 Qf4# 0-1

[Event "Inter-clubs"]
[Site "Quebec CAN"]
[Date "2006.10.21"]
[Round "1"]
[White "Monga, Alain"]
[Black "Libersan, Thierry"]
[Result "0-1"]
[WhiteElo "1593"]
[BlackElo "1978"]
[PlyCount "78"]
[EventDate "2006.10.21"]
[EventType "team"]
[EventRounds "3"]
[EventCountry "CAN"]

1. e4 c5 2. Nf3 e6 3. d4 cxd4 4. Nxd4 Nc6 5. Nc3 Qc7 6. Be2 a6 7. O-O Nf6 8.
Bg5 b5 9. Kh1 Bb7 10. f3 b4 11. Nb1 Bd6 12. g3 Be5 13. c3 bxc3 14. bxc3 Bxg3
15. hxg3 Qxg3 16. Qd2 Nxd4 17. cxd4 Nxe4 18. fxe4 Bxe4+ 19. Bf3 Bxf3+ 20. Rxf3
Qxf3+ 21. Kg1 Rc8 22. a4 Qg4+ 23. Kf2 Qf5+ 24. Ke1 Rc2 25. Qe3 O-O 26. Be7 Rfc8
27. Nd2 R8c3 28. Qe2 Rc1+ 29. Rxc1 Rxc1+ 30. Qd1 Rxd1+ 31. Kxd1 Qd3 32. Bc5 d6
33. Bb6 h5 34. Ke1 Qe3+ 35. Kd1 h4 36. a5 d5 37. Nf1 Qf2 38. Nd2 h3 39. Bc7 h2
0-1

[Event "Inter-clubs"]
[Site "Quebec CAN"]
[Date "2006.10.21"]
[Round "1"]
[White "Ye, Ling Feng"]
[Black "Tremblay, Charles"]
[Result "1-0"]
[WhiteElo "1888"]
[BlackElo "1600"]
[PlyCount "35"]
[EventDate "2006.10.21"]
[EventType "team"]
[EventRounds "3"]
[EventCountry "CAN"]

1. e4 c5 2. Nf3 Nc6 3. d4 cxd4 4. Nxd4 e5 5. Nb5 Nf6 6. N1c3 Bb4 7. Nd6+ Bxd6
8. Qxd6 Ne7 9. Qxe5 O-O 10. Bg5 Nc6 11. Qf4 d6 12. O-O-O Ne5 13. Nd5 Ng6 14.
Nxf6+ gxf6 15. Qxf6 Qxf6 16. Bxf6 Be6 17. Rxd6 Bxa2 18. b3 1-0

[Event "Inter-clubs"]
[Site "Quebec CAN"]
[Date "2006.10.21"]
[Round "2"]
[White "Bonneau, Daniel"]
[Black "Fareh, Youness"]
[Result "0-1"]
[WhiteElo "1960"]
[BlackElo "2167"]
[PlyCount "59"]
[EventDate "2006.10.21"]
[EventType "team"]
[EventRounds "3"]
[EventCountry "CAN"]

1. d4 Nf6 2. Nf3 g6 3. c4 Bg7 4. Nc3 d6 5. e4 O-O 6. Be2 e5 7. Be3 exd4 8. Nxd4
Nc6 9. O-O Re8 10. f3 Nh5 11. Nxc6 bxc6 12. Qd2 a5 13. Rad1 Qe7 14. Rfe1 Ba6
15. b3 f5 16. Bf1 f4 17. Bf2 g5 18. Ne2 c5 19. Nc3 Bb7 20. Nd5 Qf7 21. Bd3 Be5
22. a3 Qg7 23. Qe2 Rab8 24. Bc2 Bc8 25. Rd3 c6 26. b4 cxd5 27. bxc5 dxc4 28.
Rdd1 dxc5 29. Qxc4+ Be6 30. Qa4 0-1

[Event "Inter-clubs"]
[Site "Quebec CAN"]
[Date "2006.10.21"]
[Round "2"]
[White "Libersan, Thierry"]
[Black "Chiffot, Nicolas"]
[Result "1-0"]
[WhiteElo "1978"]
[BlackElo "1790"]
[PlyCount "129"]
[EventDate "2006.10.21"]
[EventType "team"]
[EventRounds "3"]
[EventCountry "CAN"]

1. e4 e6 2. Qe2 d5 3. exd5 Qxd5 4. Nc3 Qa5 5. Nf3 Nf6 6. g3 c5 7. Bg2 Be7 8.
Ne5 a6 9. O-O Qc7 10. d3 Nbd7 11. Nc4 Nb6 12. Bf4 Qd8 13. Ne3 O-O 14. Rfe1 Re8
15. Qf3 Bd6 16. Bg5 Be7 17. a4 Nfd5 18. Bxe7 Nxe7 19. a5 Nd7 20. Nc4 Nc6 21.
Ne4 Nd4 22. Qd1 Rb8 23. c3 Nb5 24. Qh5 Nf6 25. Nxf6+ Qxf6 26. Qxc5 Bd7 27. Nb6
Red8 28. d4 Be8 29. Re5 h6 30. Qc4 Nd6 31. Qe2 Bb5 32. c4 Be8 33. b3 Nc8 34.
Nxc8 Rdxc8 35. Rd1 Bc6 36. d5 exd5 37. Bxd5 Bxd5 38. Rexd5 g5 39. Kg2 Re8 40.
Qf3 Kg7 41. Rd7 Qxf3+ 42. Kxf3 Kf6 43. R1d6+ Re6 44. Rb6 Rxb6 45. axb6 Ke6 46.
Rc7 f5 47. b4 Ke5 48. Ke3 Kd6 49. Kd4 Re8 50. Rxb7 Kc6 51. Rf7 Kxb6 52. Rxf5
Re6 53. Rd5 Kc6 54. Rf5 Kd6 55. f4 gxf4 56. Rxf4 Rg6 57. Rf8 Kc6 58. Ke5 Rg5+
59. Rf5 Rg4 60. Rf6+ Kd7 61. Kd5 Rg5+ 62. Kd4 Rg4+ 63. Kc3 Rg5 64. Rxh6 Kc7 65.
Rxa6 1-0

[Event "Inter-clubs"]
[Site "Quebec CAN"]
[Date "2006.10.21"]
[Round "2"]
[White "Lim, Chin"]
[Black "Ye, Ling Feng"]
[Result "0-1"]
[WhiteElo "1600"]
[BlackElo "1888"]
[PlyCount "56"]
[EventDate "2006.10.21"]
[EventType "team"]
[EventRounds "3"]
[EventCountry "CAN"]

1. d4 Nf6 2. c4 g6 3. Nc3 d5 4. Nf3 Bg7 5. Bg5 Ne4 6. Bf4 Nxc3 7. bxc3 dxc4 8.
e4 c5 9. Bxc4 Nc6 10. O-O cxd4 11. Qb3 O-O 12. Rfd1 e5 13. Ng5 Qe7 14. Bc1 Na5
15. Bxf7+ Rxf7 16. Qxf7+ Qxf7 17. Nxf7 Kxf7 18. cxd4 exd4 19. Bb2 Nc6 20. f4
Bg4 21. Rd2 Rd8 22. h3 Be6 23. e5 Bf8 24. a3 Na5 25. Rxd4 Rxd4 26. Bxd4 Nb3 27.
Rd1 Nxd4 28. Rxd4 Bc5 0-1

[Event "Inter-clubs"]
[Site "Quebec CAN"]
[Date "2006.10.21"]
[Round "2"]
[White "Masse, Hugues"]
[Black "Guy, Philippe"]
[Result "1-0"]
[WhiteElo "2028"]
[BlackElo "1538"]
[PlyCount "111"]
[EventDate "2006.10.21"]
[EventType "team"]
[EventRounds "3"]
[EventCountry "CAN"]

1. d4 e6 2. c4 Nf6 3. Nc3 Bb4 4. Qc2 Nc6 5. Nf3 d5 6. Bg5 Be7 7. e3 O-O 8. a3
a5 9. Bd3 h6 10. Bh4 dxc4 11. Bxc4 Nd7 12. Bg3 Nb6 13. Ba2 Bd6 14. O-O Bxg3 15.
hxg3 Qe7 16. Rac1 Bd7 17. Ne4 Rfb8 18. Nc5 Be8 19. Rfd1 a4 20. Bb1 g6 21. e4
Na5 22. Ba2 Rd8 23. Qd2 Kg7 24. Qe2 Bc6 25. Ne5 Be8 26. Qe3 Rac8 27. Ng4 Qg5
28. Qxg5 hxg5 29. f3 Bb5 30. Ne3 c6 31. Kf2 Nd7 32. Nd3 Nf6 33. Ne5 Rd6 34.
N3c4 Nxc4 35. Bxc4 Rcd8 36. Bxb5 cxb5 37. Ke3 Ne8 38. Rc5 f6 39. Ng4 Rb6 40.
Rd2 b4 41. Ra5 bxa3 42. bxa3 Rb3+ 43. Rd3 f5 44. Ne5 f4+ 45. gxf4 gxf4+ 46.
Kxf4 Rxd3 47. Nxd3 Rxd4 48. Ke3 Rc4 49. Ra7 Nd6 50. g4 Kh6 51. e5 Nb5 52. Rxb7
Nxa3 53. f4 Nc2+ 54. Kf2 a3 55. g5+ Kh5 56. Kg3 1-0

[Event "Inter-clubs"]
[Site "Quebec CAN"]
[Date "2006.10.22"]
[Round "3"]
[White "Bonneau, Daniel"]
[Black "Masse, Hugues"]
[Result "1-0"]
[WhiteElo "1936"]
[BlackElo "2028"]
[PlyCount "58"]
[EventDate "2006.10.21"]
[EventType "team"]
[EventRounds "3"]
[EventCountry "CAN"]

1. d4 d5 2. c4 c6 3. Nc3 Nf6 4. Nf3 dxc4 5. a4 Na6 6. e4 Bg4 7. Be3 e6 8. Bxc4
Be7 9. O-O Nb4 10. Be2 O-O 11. h3 Bh5 12. Ne5 Bxe2 13. Qxe2 Nd7 14. Nxd7 Qxd7
15. Rad1 Rfd8 16. f4 Qc7 17. f5 exf5 18. Rxf5 Bf8 19. Rdf1 Rd7 20. Bf4 Qb6 21.
Be3 Qa6 22. Qf3 Qc4 23. e5 Nd5 24. Rxf7 Qxf1+ 25. Qxf1 Rxf7 26. Qe2 Nxe3 27.
Qxe3 Be7 28. Ne4 Raf8 29. Qb3 Kh8 1-0

[Event "Inter-clubs"]
[Site "Quebec CAN"]
[Date "2006.10.22"]
[Round "3"]
[White "Fareh, Youness"]
[Black "Gagnon, Francois"]
[Result "1-0"]
[WhiteElo "2167"]
[BlackElo "1600"]
[PlyCount "59"]
[EventDate "2006.10.21"]
[EventType "team"]
[EventRounds "3"]
[EventCountry "CAN"]

1. Nf3 Nf6 2. c4 g6 3. Nc3 Bg7 4. g3 O-O 5. Bg2 d6 6. O-O e5 7. d3 a5 8. a3
Nbd7 9. Rb1 Nc5 10. b4 axb4 11. axb4 Ne6 12. Qb3 c6 13. Bd2 Nh5 14. b5 f5 15.
e3 f4 16. Ne4 Kh8 17. Bb4 fxe3 18. fxe3 Qb6 19. Nxd6 Qxe3+ 20. Kh1 Nf6 21. Rbe1
Qh6 22. Bd2 Qh5 23. Rxe5 Nd4 24. Qb2 Nxf3 25. Rxh5 Nxh5 26. Bc3 Bg4 27. Bxg7+
Nxg7 28. h3 Bxh3 29. Rxf3 Rxf3 30. Bxf3 1-0